Warrior's refuge / created by Erin Hunter ; written by Dan Jolley ; art by James L. Barry.
Graystripe and his friend, Mille, are finally on their way. Finding the ThunderClan is a lot harder than they'd imagined, though.
Record details
- ISBN: 9780061252310 (paper)
- ISBN: 006125231X (paper)
- Physical Description: [92 pages) : chiefly illustrations ; 19 cm.
- Edition: 1st edition
- Publisher: New York : HarperCollins ; 2008.
Content descriptions
| Target Audience Note: | Youth: age 10+ |
Search for related items by subject
| Subject: | Cats > Juvenile fiction. Survival > Juvenile fiction. Feral cats > Juvenile fiction. Graphic novels. |
Search for related items by series
| LDR | 01354cam a2200349 a 4500 | ||
|---|---|---|---|
| 001 | 133921 | ||
| 003 | CONS | ||
| 005 | 20140703073308.0 | ||
| 008 | 080107s2008 nyua d 000 1 eng d | ||
| 010 | . | ‡a 2007935240 | |
| 020 | . | ‡a9780061252310 (paper) | |
| 020 | . | ‡a006125231X (paper) | |
| 035 | . | ‡a(CPomAG)LMN506185 | |
| 100 | 1 | . | ‡aJolley, Dan. |
| 245 | 1 | 0. | ‡aWarrior's refuge / ‡ccreated by Erin Hunter ; written by Dan Jolley ; art by James L. Barry. |
| 250 | . | ‡a1st edition | |
| 260 | . | ‡aNew York : ‡bHarperCollins ; ‡bTokyopop, ‡c2008. | |
| 300 | . | ‡a[92 pages) : ‡bchiefly illustrations ; ‡c19 cm. | |
| 490 | 1 | . | ‡aWarriors, Graystripe's trilogy ; ‡v#2 |
| 520 | 0 | . | ‡aGraystripe and his friend, Mille, are finally on their way. Finding the ThunderClan is a lot harder than they'd imagined, though. |
| 521 | . | ‡aYouth: age 10+ | |
| 650 | 0. | ‡aCats ‡vJuvenile fiction. | |
| 650 | 0. | ‡aSurvival ‡vJuvenile fiction. | |
| 650 | 0. | ‡aFeral cats ‡vJuvenile fiction. | |
| 650 | 0. | ‡aGraphic novels. | |
| 700 | 1 | . | ‡aHunter, Erin. |
| 700 | 1 | . | ‡aBarry, James L., ‡d1979- |
| 800 | 1 | . | ‡aJolley, Dan. ‡tWarriors. ‡pGraystripe's trilogy ; ‡v#2 |
| 830 | 0. | ‡aWarriors Manga ; ‡v#2 | |
| 914 | . | ‡dLMN_cm | |
| 959 | . | ‡i32269000889371 ‡lJF Hun ‡aJuvenile - Fiction ‡tJuv Fiction ‡g17.00 ‡dneeds new spine label | |
| 852 | . | ‡p32269000889371 ‡jJF Hun ‡gJuvenile - Fiction ‡cJuv Fiction ‡y17.00 ‡bSBPL | |
| 901 | . | ‡a133921 ‡bUnknown ‡c133921 ‡tbiblio | |